000 00969nam a2200289Ia 4500
003 OSt
005 20221006153409.0
006 a|||||r|||| 00| 0
007 ta
008 221006b |||||||| |||| 00| 0 eng d
020 _a0804749779
024 _a32,219
037 _bGift, Prof. Sonoko Hijikata
_cTextual
040 _aEASL
_cEASL
_beng
041 _2eng
_aeng
082 _aZ42,1945.N22, P5
100 _aSchencking J Charles
_9663713
245 0 _aMaking waves
_b Politics, propaganda, and the emergence of the imperial Japanese navy 1868-1922
260 _aStanford
_bStanford University Press
_c2005
300 _a283p.
_ccm.
490 _v JEL
650 _a Japan - Politics and government
_9648506
650 _a Japan Kaigun - Political activity
_9663714
650 _aJapan Kaigun - History
_9663715
942 _hZ42,1945.N22, P5
_cTEXL
_2CC
999 _c1100305
_d1100305